000 00315nam a2200145Ia 4500
100 _aMitra/Barun K
942 _cBK
366 _f20
245 _aEffective technical Communication
260 _bOxford university press
_c2006
082 _a372.6
_bMIT
300 _a222
546 _aENGLISH
_cTTL
999 _c32164
_d32164